000
00305nam a22001457a 4500
003
SGT
020
_a
9789391787417
082
_a
343.099
_b
SIN
100
_a
SINGH RATTAN
245
_a
LAW AND MEDIA
250
_a
1
260
_a
FARIDABAD
_b
ALLAHABAD LAW AGENCY
_c
2022
300
_a
174
942
_2
ddc
_c
BK
999
_c
34074
_d
34074